[Event "Êîìàíäíîå ïåð-âî ÐÔ 2012 ã. ïî êëàññè÷åñêèì øàõìàòàì "]
[Site "Ðûáèíñê"]
[Date "2012.08.10"]
[Round "9.91"]
[White "Íîæêèí Íèêèòà"]
[Black "Ãîðáóøèí Ìàêñèì"]
[Result "1/2-1/2"]
[WhiteElo "2117"]
[BlackElo "2200"]
[Annotator ""]
[Source ""]
[Remark ""]

1.e4 c5 2.c3 Nf6 3.e5 Nd5 4.d4 cxd4 5.Qxd4 e6 6.Bc4 Nc6 7.Qe4
Nb6 8.Bb3 d6 9.Nf3 Nd7 10.exd6 Nc5 11.Qe2 Nxb3 12.axb3 Bxd6 13.O-O
O-O 14.Rd1 Qc7 15.Na3 Be7 16.Be3 e5 17.Nc4 Bg4 18.h3 Bh5 19.g4
Bg6 20.b4 e4 21.Nd4 Nxd4 22.Bxd4 f5 23.Ne5 Be8 24.Qc4+ Qxc4 25.Nxc4
Bf7 26.Ne5 fxg4 27.Nxf7 Rxf7 28.hxg4 a6 29.Be3 Bh4 30.Rd4 Raf8
31.Rf1 Re8 32.Rfd1 Rf3 33.Kg2 Rf7 34.Rd7 Bf6 35.R7d5 h6 36.b5
axb5 37.Rxb5 Be5 38.Rb4 Bf4 39.Rd2 Re6 40.Bxf4 Rxf4 41.Kg3 Rf3+
42.Kg2 Rf4 43.Kg3 1/2-1/2

[Event "Êîìàíäíîå ïåð-âî ÐÔ 2012 ã. ïî êëàññè÷åñêèì øàõìàòàì "]
[Site "Ðûáèíñê"]
[Date "2012.08.10"]
[Round "9.92"]
[White "Ïîâîëîöêèé Åâãåíèé"]
[Black "Êàðäàøåâñêèé Åâãåíèé"]
[Result "1-0"]
[WhiteElo "2049"]
[BlackElo "2105"]
[Annotator ""]
[Source ""]
[Remark ""]

1.d4 f5 2.g3 Nf6 3.Bg2 g6 4.c4 Bg7 5.Nc3 O-O 6.Nf3 d6 7.O-O Qe8
8.d5 Na6 9.Nd4 Bd7 10.Rb1 Nc5 11.b4 Nfe4 12.Nxe4 Nxe4 13.Qd3
c5 14.Ne6 Bxe6 15.dxe6 Nc3 16.Rb3 cxb4 17.Rxb4 Nxa2 18.Rxb7 Nxc1
19.Rxc1 Bf6 20.Rd7 Rb8 21.Rxa7 Qc8 22.Qd5 Rb2 23.e3 Qb8 24.Ra6
Rxf2 25.Qb5 Rb2 26.Qxb8 Rfxb8 27.Bd5 Re2 28.Ra8 Rxa8 29.Bxa8
Bg5 30.Rc3 Bxe3+ 31.Kh1 Bd4 32.Rb3 Kg7 33.Bd5 h6 34.Rb7 Bf6 35.Rb3
Rc2 36.Rf3 Rb2 37.Bc6 Re2 38.Bd5 Rc2 39.Rb3 h5 40.h4 Be5 41.Rb7
Kf6 42.Rb3 Rf2 43.Kg1 Bd4 44.Kh1 f4 45.Rd3 Ke5 46.gxf4+ Rxf4
47.Rh3 Bf2 48.Kg2 Bxh4 49.Re3+ Kf6 50.Rb3 Kg7 51.Kh3 Bf6 52.Rg3
Kh6 53.Rb3 Rf2 54.Rb8 g5 55.Rg8 g4+ 56.Kg3 Re2 57.Kf4 Be5+ 58.Kf5
Rf2+ 59.Ke4 Rf4+ 60.Ke3 Rf1 61.Be4 Bg7 62.Re8 Bf8 63.Rb8 Rf6
64.Bd5 Kg5 65.Rb2 h4 66.Rh2 h3 67.Rh1 Kh4 68.Ke2 g3 69.Rg1 Rf2+
70.Ke1 Bg7 71.c5 dxc5 72.Be4 Bd4 73.Rh1 Ra2 74.Bb1 g2 1-0

[Event "Êîìàíäíîå ïåð-âî ÐÔ 2012 ã. ïî êëàññè÷åñêèì øàõìàòàì "]
[Site "Ðûáèíñê"]
[Date "2012.08.10"]
[Round "9.93"]
[White "Ïîëÿíöåâ Ðàäæ"]
[Black "Ñîôüèí Ïàâåë"]
[Result "1/2-1/2"]
[WhiteElo "1951"]
[BlackElo "2071"]
[Annotator ""]
[Source ""]
[Remark ""]

1.e4 e6 2.Nf3 d5 3.e5 c5 4.b4 cxb4 5.a3 Nc6 6.axb4 Bxb4 7.c3
Bf8 8.d4 f6 9.Bb5 Bd7 10.Bxc6 bxc6 11.O-O f5 12.Nbd2 c5 13.Ba3
c4 14.Bxf8 Kxf8 15.Ra6 h6 16.Qa1 Qc7 17.Qa3+ Ne7 18.Ra1 Kf7 19.Rxa7
Rxa7 20.Qxa7 Qxa7 21.Rxa7 Bc6 22.h4 g6 23.Kf1 Rb8 24.g3 Ra8 25.Rxa8
Bxa8 26.Ke2 Bc6 27.Kd1 Ba4+ 28.Ke1 Nc6 29.Nf1 Ke7 30.Ne3 Nd8
31.Ng2 Nf7 32.Ng1 g5 33.f4 gxh4 34.Nxh4 Nd8 35.Ne2 Be8 36.Kd2
Bh5 37.Ng1 Bg4 38.Ngf3 Nc6 39.Ne1 Bh5 40.Nc2 Kd7 41.Ne3 Ne7 42.Kc2
Kc6 43.Kb2 Kb6 1/2-1/2

[Event "Êîìàíäíîå ïåð-âî ÐÔ 2012 ã. ïî êëàññè÷åñêèì øàõìàòàì "]
[Site "Ðûáèíñê"]
[Date "2012.08.10"]
[Round "9.94"]
[White "Êðîòþê Äàðüÿ"]
[Black "Àíóôðèåíêî Äàðüÿ"]
[Result "1-0"]
[WhiteElo "1874"]
[BlackElo "1985"]
[Annotator ""]
[Source ""]
[Remark ""]

1.e4 e6 2.d4 d5 3.exd5 exd5 4.Bd3 Bd6 5.Ne2 Qh4 6.g3 Qe7 7.O-O
Be6 8.c3 Nf6 9.Re1 O-O 10.Nf4 Bg4 11.Rxe7 Bxd1 12.Re1 Bg4 13.Be3
Nc6 14.Nd2 Ne7 15.Nb3 c6 16.Ng2 Bf5 17.Bxf5 Nxf5 18.Bf4 Rfe8
19.Nc5 Bxc5 20.dxc5 Ne4 21.Ne3 Ne7 22.Nc4 Nf5 23.Nd6 Nfxd6 24.cxd6
Red8 25.c4 Nxd6 26.cxd5 cxd5 27.Re7 b6 28.Rd1 Ne4 29.Bc7 Re8
30.Rxe8+ Rxe8 31.Rxd5 Nc5 32.Bf4 Ne6 33.Rd7 Nxf4 34.gxf4 Kf8
35.Rxa7 Re4 36.Rb7 Rb4 37.b3 g6 38.Kg2 Kg7 39.Kf3 h5 40.Ke3 Kf6
41.Rd7 Ke6 42.Rd4 Rb5 43.b4 g5 44.a4 gxf4+ 45.Rxf4 Rd5 46.Re4+
Kf6 47.Rc4 Rd6 48.Rd4 Rc6 49.Kd3 Ke5 50.Rh4 Rh6 51.Re4+ Kd5 52.Rd4+
Ke5 53.Rd7 Rf6 54.Ke3 Ke6 55.Rd4 Ke5 56.f4+ Ke6 57.Ke4 Ke7 58.Ke5
Rc6 59.Kf5 Rg6 60.a5 bxa5 61.bxa5 Rg2 62.Ra4 Rg8 63.a6 f6 64.a7
Ra8 65.Ra6 h4 66.Kg4 Rg8+ 67.Kxh4 Rh8+ 68.Kg4 Rg8+ 69.Kf5 Ra8
70.h4 Kf7 71.h5 Kg7 72.h6+ Kh7 73.Kxf6 Kh8 74.Kg6 Kg8 75.Rb6 1-0

[Event "Êîìàíäíîå ïåð-âî ÐÔ 2012 ã. ïî êëàññè÷åñêèì øàõìàòàì "]
[Site "Ðûáèíñê"]
[Date "2012.08.10"]
[Round "9.101"]
[White "Òàðàñîâ Àëåêñàíäð"]
[Black "Áîÿðñêèé Àëåêñàíäð"]
[Result "0-1"]
[WhiteElo "2124"]
[BlackElo "2210"]
[Annotator ""]
[Source ""]
[Remark ""]

1.d4 d5 2.c4 c6 3.Nf3 Nf6 4.e3 a6 5.Bd3 e6 6.O-O Nbd7 7.b3 Be7
8.Bb2 O-O 9.Qc2 h6 10.Nbd2 c5 11.Rad1 cxd4 12.exd4 b6 13.Ne5
Bb7 14.f4 Nxe5 15.fxe5 Ng4 16.Rfe1 Bg5 17.Nf1 h5 18.Qe2 g6 19.h3
Nh6 20.Ne3 Rc8 21.cxd5 Bxd5 22.Nxd5 Qxd5 23.Bxa6 Nf5 24.Rd3 Rc7
25.Bc4 Qd7 26.d5 exd5 27.Rxd5 Qe7 28.Qf3 Kh7 29.Qd3 Bf4 30.Qf3
Qg5 31.Re2 b5 32.Bxb5 Nh4 33.Qf2 Nf5 34.Rd3 Bg3 35.Qf1 Qe7 36.Bc4
Rd7 37.Rxd7 Qxd7 38.Re4 Qa7+ 39.Kh1 Bf2 40.Qb1 Ng3+ 41.Kh2 Nxe4
42.Qxe4 h4 43.a4 Rd8 44.Qe2 Bg3+ 45.Kh1 Qf2 46.Bc3 Qf4 47.Ba5
Qc1+ 0-1

[Event "Êîìàíäíîå ïåð-âî ÐÔ 2012 ã. ïî êëàññè÷åñêèì øàõìàòàì "]
[Site "Ðûáèíñê"]
[Date "2012.08.10"]
[Round "9.102"]
[White "Ñóòîðìèí Äàíèëà"]
[Black "Êîæåâíèêîâ Èâàí"]
[Result "1/2-1/2"]
[WhiteElo "2224"]
[BlackElo "2073"]
[Annotator ""]
[Source ""]
[Remark ""]

1.e4 c5 2.Nf3 Nc6 3.d4 cxd4 4.Nxd4 g6 5.Nc3 Bg7 6.Be3 Nf6 7.Bc4
O-O 8.Bb3 d6 9.f3 Nxd4 10.Bxd4 Be6 11.Qd2 Qa5 12.O-O-O b5 13.Kb1
b4 14.Nd5 Bxd5 15.exd5 Qb5 16.Rhe1 a5 17.Qe2 Qxe2 18.Rxe2 Rfc8
19.Ba4 Rab8 20.Ba7 Rb7 21.Bf2 Rcc7 22.g4 Kf8 23.Bg3 Nd7 24.h3
Bf6 25.f4 Rb8 26.Bf2 Nb6 27.Bxb6 Rxb6 28.Bc6 Ra6 29.Bb5 Raa7
30.Bc6 e5 31.fxe5 Bxe5 32.Rf1 f6 33.a3 Ra6 34.Re3 Rb6 35.Rb3
Rc8 36.axb4 axb4 37.Re1 Rcb8 38.Bd7 Ke7 39.Be6 Rb5 40.Re4 h6
41.Rc4 R5b7 42.Rc8 Rxc8 43.Bxc8 Rc7 44.Ba6 Rc5 45.Bd3 Rxd5 46.Rxb4
f5 47.gxf5 gxf5 48.Rb7+ 1/2-1/2

[Event "Êîìàíäíîå ïåð-âî ÐÔ 2012 ã. ïî êëàññè÷åñêèì øàõìàòàì "]
[Site "Ðûáèíñê"]
[Date "2012.08.10"]
[Round "9.103"]
[White "Åëåöêèé Èâàí"]
[Black "Âàñèëåíêî Àðòåì"]
[Result "1-0"]
[WhiteElo "2115"]
[BlackElo "2135"]
[Annotator ""]
[Source ""]
[Remark ""]

1.e4 c5 2.Nf3 d6 3.d4 cxd4 4.Nxd4 Nf6 5.Nc3 a6 6.Bg5 e6 7.f4
Be7 8.Qf3 Nbd7 9.O-O-O Qc7 10.Bd3 b5 11.Rhe1 Bb7 12.Qg3 b4 13.Nd5
Bxd5 14.exd5 Nxd5 15.Be4 O-O-O 16.Bxd5 Bxg5 17.Bxe6 Bf6 18.Bxf7
Nc5 19.Be6+ Kb8 20.Bd5 Bxd4 21.Rxd4 a5 22.a3 Qb6 23.axb4 axb4
24.Qxg7 Rhe8 25.Re7 Rxe7 26.Qxe7 Rd7 27.Qf8+ Kc7 28.Rc4 Rd8 29.Qe7+
Rd7 30.Qe8 Rd8 31.Qa4 Rb8 32.Kb1 Kd8 33.Qc6 Qxc6 34.Bxc6 Ke7
35.b3 Ke6 36.Bf3 Kf6 37.Rd4 Rb6 38.g3 h6 39.Bd5 Rb8 40.Bc4 Rb6
41.g4 Ne6 42.Bxe6 Kxe6 43.h4 d5 44.Kc1 Kd6 45.Rd1 Kc5 46.Re1
Kd4 47.f5 Ra6 48.Kb2 Ra8 49.g5 hxg5 50.hxg5 Rg8 51.g6 Kc5 52.Re7
Kd6 53.Rf7 Ke5 54.g7 1-0

[Event "Êîìàíäíîå ïåð-âî ÐÔ 2012 ã. ïî êëàññè÷åñêèì øàõìàòàì "]
[Site "Ðûáèíñê"]
[Date "2012.08.10"]
[Round "9.104"]
[White "×õàíü Âèêòîðèÿ"]
[Black "Êèñòåíåâà Åëèçàâåòà"]
[Result "0-1"]
[WhiteElo "2058"]
[BlackElo "2040"]
[Annotator ""]
[Source ""]
[Remark ""]

1.d4 d5 2.c4 c6 3.Nf3 Nf6 4.Nc3 e6 5.e3 Nbd7 6.Qc2 Bd6 7.b3 O-O
8.Bd3 b6 9.O-O Bb7 10.Bb2 h6 11.Rfd1 Qe7 12.Rac1 Rac8 13.Qe2
Rfd8 14.e4 dxe4 15.Nxe4 Nxe4 16.Bxe4 Nf6 17.Bb1 c5 18.Re1 Bxf3
19.Qxf3 cxd4 20.Rcd1 Bb4 21.Re2 e5 22.Bc1 Re8 23.Qg3 Kh8 24.Qh3
Ng8 25.Bf4 Rc5 26.Qd3 g6 27.Qh3 Kg7 28.Rxd4 exd4 29.Rxe7 Rxe7
30.Bd3 Re1+ 31.Bf1 Rf5 32.Bb8 Nf6 33.Bxa7 Ne4 34.Bxb6 Nd2 35.Bxd4+
Kh7 36.g4 Rf4 37.Be3 Nxf1 38.Kg2 Nxe3+ 39.fxe3 Re2+ 40.Kg1 Bc5
41.g5 Bxe3+ 42.Kh1 Re1+ 0-1

[Event "Êîìàíäíîå ïåð-âî ÐÔ 2012 ã. ïî êëàññè÷åñêèì øàõìàòàì "]
[Site "Ðûáèíñê"]
[Date "2012.08.10"]
[Round "9.111"]
[White "Ìèõàéëîâ Âÿ÷åñëàâ"]
[Black "Êóðçþêîâ Àíäðåé"]
[Result "1-0"]
[WhiteElo "2325"]
[BlackElo "2191"]
[Annotator ""]
[Source ""]
[Remark ""]

1.e4 c5 2.Nf3 Nc6 3.Bb5 g6 4.O-O Bg7 5.Re1 e5 6.b4 cxb4 7.a3
Nge7 8.axb4 O-O 9.Nc3 d6 10.Bxc6 bxc6 11.d3 d5 12.Bb2 d4 13.Na4
Bg4 14.Nc5 a5 15.Nb7 Qb8 16.Nxa5 c5 17.Nc4 cxb4 18.Rxa8 Qxa8
19.h3 Bxf3 20.Qxf3 Qb7 21.Ra1 Nc6 22.Bc1 Ra8 23.Nd6 Rxa1 24.Nxb7
Rxc1+ 25.Kh2 Bf8 26.Qe2 Ra1 27.Qg4 Rc1 28.Qc8 Kg7 29.Qxc6 b3
30.Nd8 Be7 31.Qe8 Bxd8 32.cxb3 Bc7 33.Qb5 Rc2 34.Kg3 Rc3 35.Kf3
Bd6 36.b4 Kf6 37.g3 Ke7 38.Kg4 Rb3 39.Qb7+ Kf6 40.Qd5 h5+ 41.Kf3 1-0

[Event "Êîìàíäíîå ïåð-âî ÐÔ 2012 ã. ïî êëàññè÷åñêèì øàõìàòàì "]
[Site "Ðûáèíñê"]
[Date "2012.08.10"]
[Round "9.112"]
[White "Ãëàäêîâ Äìèòðèé"]
[Black "Ìîðîçîâ Åãîð"]
[Result "1-0"]
[WhiteElo "1989"]
[BlackElo "2116"]
[Annotator ""]
[Source ""]
[Remark ""]

1.e4 c5 2.c3 Nf6 3.e5 Nd5 4.d4 e6 5.Nf3 cxd4 6.cxd4 Nc6 7.Bc4
Nb6 8.Bb3 d6 9.Qe2 Qc7 10.Nc3 a6 11.O-O d5 12.a3 Bd7 13.Bg5 h6
14.Be3 Rc8 15.Rac1 Qb8 16.Ba2 Na5 17.h4 Nbc4 18.g4 Be7 19.Kg2
b5 20.g5 b4 21.axb4 Qxb4 22.g6 Nxb2 23.gxf7+ Kxf7 24.Nxd5 Qb5
25.Ng5+ Bxg5 26.Qf3+ Bf6 27.Nxf6 Ke7 28.Qg4 g5 29.hxg5 Qb7+ 30.Kg3
h5 31.Nxh5 Rxc1 32.Rxc1 Nd3 33.g6 Nxc1 34.Qh4+ Ke8 35.Ng7+ 1-0

[Event "Êîìàíäíîå ïåð-âî ÐÔ 2012 ã. ïî êëàññè÷åñêèì øàõìàòàì "]
[Site "Ðûáèíñê"]
[Date "2012.08.10"]
[Round "9.113"]
[White "Ñåäûõ Åãîð"]
[Black "Äèëìóõàìåòîâ Àðòóð"]
[Result "0-1"]
[WhiteElo "1847"]
[BlackElo "2078"]
[Annotator ""]
[Source ""]
[Remark ""]

1.d4 Nf6 2.Nf3 c5 3.c4 cxd4 4.Nxd4 e5 5.Nf3 Nc6 6.Nc3 Bb4 7.Qb3
e4 8.Ng1 O-O 9.e3 d5 10.a3 Ba5 11.cxd5 Nxd5 12.Bd2 Nxc3 13.Bxc3
Bxc3+ 14.Qxc3 Qg5 15.Ne2 Bf5 16.Ng3 Bg6 17.h4 Qf5 18.Rd1 Qe6
19.Bc4 Qc8 20.Bd5 Re8 21.Qc2 h5 22.Bxc6 bxc6 23.Rc1 Qb7 24.b4
Qa6 25.Qb3 Rad8 26.Ne2 Rd3 27.Rc3 Bf5 28.Nd4 Bg4 29.Rxd3 exd3
30.Kd2 Be2 31.Rc1 Rc8 32.Rc5 Bf1 33.Rxh5 Qb7 34.Rc5 Qe7 35.g3
Qe4 36.Rf5 Rc7 37.f3 Qe7 38.Qc4 Qd6 39.Rf4 Qe5 40.Qc1 Bh3 41.Kxd3
c5 42.bxc5 Rxc5 43.Qb2 Qd5 44.Qb3 Qd7 45.g4 Bf1+ 46.Kd2 Bc4 47.Qb8+
Rc8 48.Qb4 Ba6 49.Qb2 Qc7 50.Ne2 Qa5+ 51.Qb4 Qd5+ 52.Ke1 Bxe2
53.Kxe2 Qa2+ 54.Kd3 Qc2+ 55.Kd4 Qd1+ 0-1

[Event "Êîìàíäíîå ïåð-âî ÐÔ 2012 ã. ïî êëàññè÷åñêèì øàõìàòàì "]
[Site "Ðûáèíñê"]
[Date "2012.08.10"]
[Round "9.121"]
[White "Ãåíêåëü Äìèòðèé"]
[Black "Ìàñëîâ Èâàí"]
[Result "0-1"]
[WhiteElo "1941"]
[BlackElo "1975"]
[Annotator ""]
[Source ""]
[Remark ""]

1.e4 c5 2.Nf3 Nc6 3.Bb5 d6 4.Bxc6+ bxc6 5.Nc3 g6 6.O-O Bg7 7.d3
Rb8 8.Re1 e5 9.h3 Ne7 10.Rb1 O-O 11.Be3 h6 12.Nh2 f5 13.f3 f4
14.Bf2 Be6 15.a3 a5 16.Rf1 g5 17.b3 Ng6 18.Qe2 Rf7 19.Rbd1 h5
20.Na4 Bf8 21.Nb2 Qc7 22.Rde1 Be7 23.Nc4 Rbf8 24.Kh1 Rh7 25.Kg1
Bd8 26.c3 g4 27.hxg4 hxg4 28.Nxg4 Bxg4 29.fxg4 f3 30.gxf3 Nf4
31.Qd1 Rh3 0-1

[Event "Êîìàíäíîå ïåð-âî ÐÔ 2012 ã. ïî êëàññè÷åñêèì øàõìàòàì "]
[Site "Ðûáèíñê"]
[Date "2012.08.10"]
[Round "9.122"]
[White "Íàâðîäñêèé Áîðèñ"]
[Black "Ðèâîíåíêî Âëàäèñëàâ"]
[Result "0-1"]
[WhiteElo "1953"]
[BlackElo "1992"]
[Annotator ""]
[Source ""]
[Remark ""]

1.d4 Nf6 2.c4 e5 3.dxe5 Ng4 4.Nf3 Bc5 5.e3 Nc6 6.Be2 O-O 7.O-O
Re8 8.Nc3 Ncxe5 9.Nxe5 Nxe5 10.Qc2 a5 11.b3 Ra6 12.Na4 Bf8 13.c5
Rg6 14.Kh1 Qh4 15.e4 d6 16.Bd2 Ng4 17.Bxg4 Qxg4 18.Rg1 dxc5 19.Bxa5
Bd6 20.e5 Bxe5 21.Rae1 Rh6 22.g3 Rxh2+ 0-1

[Event "Êîìàíäíîå ïåð-âî ÐÔ 2012 ã. ïî êëàññè÷åñêèì øàõìàòàì "]
[Site "Ðûáèíñê"]
[Date "2012.08.10"]
[Round "9.123"]
[White "Ãàëèøíèêîâ Þðèé"]
[Black "Ïàê Ìàòâåé"]
[Result "1-0"]
[WhiteElo "1889"]
[BlackElo "1800"]
[Annotator ""]
[Source ""]
[Remark ""]

1.e4 e5 2.Nc3 Nf6 3.f4 d5 4.fxe5 Nxe4 5.Nf3 Nc6 6.Qe2 Nxc3 7.dxc3
Be7 8.Bf4 Be6 9.O-O-O Qc8 10.Qf2 O-O 11.Bd3 Rd8 12.h4 Na5 13.h5
c5 14.h6 g6 15.Bg5 Qc7 16.Qh4 Nc6 17.Bf6 c4 18.Be2 b5 19.Ng5
Bxf6 20.exf6 Bf5 21.Bf3 Qa5 22.a3 Qa4 23.Qf2 b4 24.cxb4 Rab8
25.g4 Be4 26.Nxe4 dxe4 27.Bxe4 Nxb4 28.Rxd8+ Rxd8 29.Qc5 Na6
30.Qxa7 c3 31.Bd5 cxb2+ 32.Kb1 Qe8 33.Rd1 1-0

[Event "Êîìàíäíîå ïåð-âî ÐÔ 2012 ã. ïî êëàññè÷åñêèì øàõìàòàì "]
[Site "Ðûáèíñê"]
[Date "2012.08.10"]
[Round "9.124"]
[White "Îáîëåíöåâà Àëåêñàíäðà"]
[Black "Ïðàíèçèíà Àëèíà"]
[Result "1-0"]
[WhiteElo "1950"]
[BlackElo "1646"]
[Annotator ""]
[Source ""]
[Remark ""]

1.d4 d5 2.c4 e6 3.Nc3 Nf6 4.cxd5 exd5 5.Bg5 Be7 6.e3 O-O 7.Bd3
Be6 8.Nf3 Nbd7 9.O-O h6 10.Bh4 c5 11.Qc2 c4 12.Bf5 Bxf5 13.Qxf5
Nb6 14.Ne5 Qc8 15.Qc2 Re8 16.a4 Nbd7 17.f4 b6 18.Rf3 Qb7 19.Qf5
Nh7 20.Qxf7+ Kh8 21.Ng6# 1-0

[Event "Êîìàíäíîå ïåð-âî ÐÔ 2012 ã. ïî êëàññè÷åñêèì øàõìàòàì "]
[Site "Ðûáèíñê"]
[Date "2012.08.10"]
[Round "9.131"]
[White "Ïîëîñèí Åâãåíèé"]
[Black "Ìàì÷åíêî Ñåðãåé"]
[Result "1-0"]
[WhiteElo "2065"]
[BlackElo "1980"]
[Annotator ""]
[Source ""]
[Remark ""]

1.e4 e6 2.d4 d5 3.e5 c5 4.c3 Qb6 5.Nf3 Bd7 6.a3 cxd4 7.cxd4 Bb5
8.Bxb5+ Qxb5 9.Nc3 Qa6 10.Ne2 Ne7 11.O-O Nf5 12.g4 Ne7 13.Ng3
Nec6 14.Qd2 Nd7 15.Qf4 h6 16.g5 g6 17.gxh6 Bxh6 18.Qg4 Ne7 19.Bxh6
Rxh6 20.Rac1 b5 21.Qf4 Rh8 22.Ng5 Nf5 23.Nxf5 gxf5 24.Rc7 Rc8
25.Rfc1 Rxc7 26.Rxc7 Rg8 27.h4 Ke7 28.Qc1 Qb6 29.Qc3 Rh8 30.Nxf7
Rxh4 31.Qb4+ Kxf7 32.Rxd7+ Kg6 33.Qf8 Rg4+ 34.Kf1 Rg5 35.Qf7+ 1-0

[Event "Êîìàíäíîå ïåð-âî ÐÔ 2012 ã. ïî êëàññè÷åñêèì øàõìàòàì "]
[Site "Ðûáèíñê"]
[Date "2012.08.10"]
[Round "9.132"]
[White "Êðàñîâñêèé Ñâÿòîñëàâ"]
[Black "Õàæèïîâ Òèìóð"]
[Result "1/2-1/2"]
[WhiteElo "1995"]
[BlackElo "2107"]
[Annotator ""]
[Source ""]
[Remark ""]

1.c4 e6 2.Nc3 d5 3.cxd5 exd5 4.d4 c6 5.Nf3 Bf5 6.Bf4 Nf6 7.e3
Be7 8.Bd3 Bg6 9.O-O Nh5 10.Bxb8 Rxb8 11.Rb1 a5 12.a3 O-O 13.b4
Nf6 14.Ne5 Bxd3 15.Qxd3 axb4 16.axb4 Nd7 17.Nxd7 Qxd7 18.b5 Ra8
19.Rb3 Ra7 20.Rfb1 g6 21.g3 Rfa8 22.bxc6 bxc6 23.Rb8+ Rxb8 24.Rxb8+
Kg7 25.Kg2 Ra3 26.Qc2 Qa7 27.Rb3 Bf6 28.Rxa3 Qxa3 29.Na4 Qd6
30.Nc5 Be7 31.Qc3 Qf6 32.Nb7 h5 33.h4 Kh7 34.Qc2 Bb4 35.Nc5 Bxc5
36.Qxc5 Qe6 37.Qf8 Qd7 38.Kf1 Qb7 39.Ke2 Qa6+ 40.Kf3 Qb7 41.Qd6
Kg7 42.Kf4 Qc8 43.Qe5+ Kg8 44.Kg5 Qd8+ 45.Qf6 Qc8 46.f3 Qe8 47.Kf4
Qb8+ 48.Qe5 Qd8 49.e4 Kh7 50.exd5 cxd5 51.Ke3 Qa5 52.Qf6 Qc3+
53.Kf4 Qc7+ 54.Qe5 Qc1+ 1/2-1/2

[Event "Êîìàíäíîå ïåð-âî ÐÔ 2012 ã. ïî êëàññè÷åñêèì øàõìàòàì "]
[Site "Ðûáèíñê"]
[Date "2012.08.10"]
[Round "9.133"]
[White "Ïàíîâ Ìàêñèì"]
[Black "Óôèìöåâ Åãîð"]
[Result "0-1"]
[WhiteElo "2091"]
[BlackElo "1911"]
[Annotator ""]
[Source ""]
[Remark ""]

1.c4 Nf6 2.g3 e6 3.Bg2 d5 4.Nf3 Be7 5.O-O O-O 6.d4 dxc4 7.Ne5
Nc6 8.Nxc6 bxc6 9.Bxc6 Rb8 10.e3 Ba6 11.Nc3 Nd5 12.a3 Rb6 13.Ba4
Bb7 14.Bc2 f5 15.Qe2 Nxc3 16.bxc3 Qd5 17.f3 Qa5 18.Qe1 c5 19.Rb1
Rxb1 20.Bxb1 cxd4 21.exd4 Bd5 22.Rf2 Rb8 23.Bc2 Bxa3 24.Qe5 Rf8
25.Bd2 Qb6 26.g4 Bd6 27.Qe2 Qb2 28.Be1 e5 29.gxf5 exd4 30.cxd4
Qxd4 31.Kh1 Qe5 32.Qf1 Bxf3+ 33.Kg1 Bc5 34.Qxc4+ Kh8 35.Bc3 Qe7
36.Bd4 Qg5+ 37.Kf1 Qc1+ 0-1

[Event "Êîìàíäíîå ïåð-âî ÐÔ 2012 ã. ïî êëàññè÷åñêèì øàõìàòàì "]
[Site "Ðûáèíñê"]
[Date "2012.08.10"]
[Round "9.134"]
[White "Ìåäâåäåâà Àííà"]
[Black "Õàôèçîâà ßíà"]
[Result "1/2-1/2"]
[WhiteElo "1988"]
[BlackElo "1920"]
[Annotator ""]
[Source ""]
[Remark ""]

1.e4 e5 2.Nf3 Nc6 3.d4 exd4 4.Nxd4 Bc5 5.Nxc6 Qf6 6.Qd2 Qxc6
7.Bd3 Ne7 8.O-O Ng6 9.Nc3 a6 10.Nd5 O-O 11.Qg5 Re8 12.Kh1 f6
13.Qg3 d6 14.f4 Kh8 15.Bd2 b5 16.Bc3 Rf8 17.h4 Qd7 18.b4 Ba7
19.h5 Ne7 20.h6 Nxd5 21.exd5 Qg4 22.hxg7+ Qxg7 23.Qxg7+ Kxg7
24.a4 Bb7 25.axb5 axb5 26.Be4 Bb6 27.Rxa8 Rxa8 28.g4 Kf7 29.g5
Re8 30.Bf3 Re3 31.Bxf6 Rxf3 32.Rxf3 Bxd5 33.Kg2 h6 34.Kg3 Bxf3
35.Kxf3 hxg5 36.fxg5 Kg6 37.Ke4 c6 38.Kf4 Bg1 39.Be7 Bh2+ 40.Ke4
Kf7 41.Bf6 Kg6 42.c3 1/2-1/2

[Event "Êîìàíäíîå ïåð-âî ÐÔ 2012 ã. ïî êëàññè÷åñêèì øàõìàòàì "]
[Site "Ðûáèíñê"]
[Date "2012.08.10"]
[Round "9.141"]
[White "Âåêëè÷ Èãîðü"]
[Black "Àôàíàñüåâ Äìèòðèé"]
[Result "0-1"]
[WhiteElo "1783"]
[BlackElo "2102"]
[Annotator ""]
[Source ""]
[Remark ""]

1.e4 c5 2.Nf3 e6 3.d4 cxd4 4.Nxd4 Nc6 5.Nc3 Qc7 6.Be2 a6 7.Be3
Nf6 8.O-O Bb4 9.Na4 O-O 10.Nxc6 bxc6 11.Bd3 d5 12.exd5 cxd5 13.Nb6
Rb8 14.Nxc8 Qxc8 15.Bg5 Be7 16.Rb1 h6 17.Bh4 a5 18.c3 Qc5 19.Re1
Rb7 20.Bg3 Bd6 21.Bh4 Nd7 22.Bc2 Rfb8 23.Qd3 Nf8 24.b3 Rc8 25.Re3
d4 26.Qxd4 Qxd4 27.cxd4 Rxc2 0-1

[Event "Êîìàíäíîå ïåð-âî ÐÔ 2012 ã. ïî êëàññè÷åñêèì øàõìàòàì "]
[Site "Ðûáèíñê"]
[Date "2012.08.10"]
[Round "9.142"]
[White "Ðîòìèñòðîâ Àëåêñàíäð"]
[Black "Ïðèïîëçèí Àíòîí"]
[Result "1-0"]
[WhiteElo "1933"]
[BlackElo "1688"]
[Annotator ""]
[Source ""]
[Remark ""]

1.a3 g6 2.c4 Bg7 3.e3 Nf6 4.Nc3 d6 5.Qc2 c5 6.Nf3 O-O 7.Be2 Nc6
8.O-O b6 9.d3 Bb7 10.Rb1 Nd7 11.b4 Nce5 12.Nxe5 Nxe5 13.Bb2 Nd7
14.Rfe1 Rb8 15.b5 f5 16.Bf1 f4 17.Nd1 fxe3 18.fxe3 Nf6 19.a4
d5 20.Be5 Rc8 21.Nb2 e6 22.Ra1 Qd7 23.Qc3 dxc4 24.Nxc4 Nd5 25.Qb2
Bxe5 26.Qxe5 Nf6 27.a5 Qd5 28.axb6 Qxe5 29.Nxe5 axb6 30.Nc4 Rb8
31.Nxb6 Bxg2 32.Bxg2 Rxb6 33.Bc6 Ng4 34.d4 c4 35.Rac1 Nf2 36.Rxc4
Nd3 37.Rf1 Rbb8 38.Be4 Nb2 39.Rb4 Rxf1+ 40.Kxf1 Nd1 41.Rb3 Kf7
42.Ke2 Rxb5 43.Bc2 Rxb3 44.Bxb3 Nc3+ 45.Kd3 Nd5 46.Ke4 Nc7 47.Ke5
Ke7 48.e4 h5 49.h4 Nb5 50.Bc4 Nd6 51.Bd3 Nf7+ 52.Kf4 Kf6 53.e5+
Ke7 54.Bxg6 Nd8 55.Bxh5 Nc6 56.Ke4 Nd8 57.Bg6 Kf8 58.Kd3 Nc6
59.Be4 Ne7 60.Kc4 Kf7 61.Kc5 Nc8 62.h5 Ne7 63.h6 Nc8 64.h7 Kg7
65.Kc6 Na7+ 66.Kb6 Nc8+ 67.Kb7 Ne7 68.Kc7 Nf5 69.Bxf5 exf5 1-0

[Event "Êîìàíäíîå ïåð-âî ÐÔ 2012 ã. ïî êëàññè÷åñêèì øàõìàòàì "]
[Site "Ðûáèíñê"]
[Date "2012.08.10"]
[Round "9.143"]
[White "Ìèíååâ Ñòàíèñëàâ"]
[Black "Ïîãîñÿí Àâåòèê"]
[Result "0-1"]
[WhiteElo "1716"]
[BlackElo "1802"]
[Annotator ""]
[Source ""]
[Remark ""]

1.d4 d5 2.c4 c6 3.Nc3 Nf6 4.e3 e6 5.cxd5 exd5 6.Bd3 Bd6 7.Nge2
O-O 8.O-O Re8 9.f3 c5 10.Kh1 Nc6 11.b3 a6 12.Bb2 Rxe3 13.dxc5
Bxc5 14.Qc2 Nb4 15.Qb1 Nxd3 16.Nd1 Bf5 0-1

[Event "Êîìàíäíîå ïåð-âî ÐÔ 2012 ã. ïî êëàññè÷åñêèì øàõìàòàì "]
[Site "Ðûáèíñê"]
[Date "2012.08.10"]
[Round "9.151"]
[White "Êèòàåâ Èëüÿ"]
[Black "Çóáêîâ Âñåâîëîä"]
[Result "1/2-1/2"]
[WhiteElo "1947"]
[BlackElo "1928"]
[Annotator ""]
[Source ""]
[Remark ""]

1.d4 d5 2.c4 c6 3.Nf3 e6 4.e3 Nf6 5.Nc3 Nbd7 6.Qc2 Bd6 7.Bd3
O-O 8.O-O dxc4 9.Bxc4 b5 10.Be2 Bb7 11.a3 a6 12.b4 a5 13.Rb1
axb4 14.axb4 Qe7 15.Qb3 e5 16.dxe5 Nxe5 17.Nd4 Bc7 18.Bb2 Neg4
19.h3 Nxe3 20.fxe3 Qxe3+ 21.Rf2 Bb6 22.Nd1 Qxb3 23.Nxb3 Ne4 24.Bd4
Bxd4 25.Nxd4 Nxf2 26.Kxf2 Ra2 27.Nc3 Ra3 28.Ne4 Rd8 29.Nb3 Ra2
30.Kf1 Re8 31.Bf3 Ba8 32.Nbc5 Rd8 33.Rd1 Rxd1+ 34.Bxd1 Rb2 35.Nd3
Ra2 36.Nec5 Kf8 37.Be2 Ke7 38.Kf2 Kd6 39.Ke3 Ra7 40.Bf3 Bb7 41.Kd4
f6 42.Ne4+ Kc7 43.Nf4 Bc8 44.Nc5 1/2-1/2

[Event "Êîìàíäíîå ïåð-âî ÐÔ 2012 ã. ïî êëàññè÷åñêèì øàõìàòàì "]
[Site "Ðûáèíñê"]
[Date "2012.08.10"]
[Round "9.152"]
[White "Ìåëüíèêîâ Ïåòð"]
[Black "Âàñèëüåâ Àðêàäèé"]
[Result "1-0"]
[WhiteElo "1878"]
[BlackElo "1908"]
[Annotator ""]
[Source ""]
[Remark ""]

1.e4 c5 2.c3 d5 3.exd5 Qxd5 4.d4 cxd4 5.cxd4 Nc6 6.Nf3 e5 7.Nc3
Bb4 8.a3 Bxc3+ 9.bxc3 Bg4 10.Be2 e4 11.Nd2 e3 12.Bxg4 Qxg2 13.Qf3
exd2+ 14.Bxd2 Qxf3 15.Bxf3 Nge7 16.Rb1 O-O-O 17.O-O Rhe8 18.Bf4
g5 19.Bd2 f5 20.h3 h6 21.Rfe1 Ng6 22.Bh5 Rxe1+ 23.Rxe1 Nge5 24.Bc1
Nd3 25.Rd1 Nxc1 26.Rxc1 Ne7 27.Bf7 Rd6 28.Re1 Kd7 29.Re5 Rf6
30.Bb3 Ra6 31.a4 Rb6 32.Bc4 a6 33.Ba2 f4 34.a5 Rb2 35.Be6+ Kd6
36.c4 Ng6 37.c5+ Kc7 38.Re1 Nh4 39.Rd1 Rb5 40.Bd5 Rb4 41.Be4
Rb5 42.Rc1 Rxa5 43.d5 Ra4 44.d6+ Kc8 45.d7+ Kd8 46.c6 bxc6 47.Bxc6
Ra3 48.Rb1 Rd3 49.Rb8+ Kc7 50.Rc8+ Kb6 51.d8Q+ Rxd8 52.Rxd8 Kxc6
53.Kf1 a5 54.Ke2 Kb5 55.Kd3 Kb4 56.Rb8+ Kc5 57.Rc8+ Kb4 58.Rc6
Nf5 59.Rf6 Ne7 60.Rb6+ Ka3 61.Rxh6 a4 62.Rh5 Kb2 63.Rxg5 a3 64.Rb5+
Ka1 65.Kc2 1-0

[Event "Êîìàíäíîå ïåð-âî ÐÔ 2012 ã. ïî êëàññè÷åñêèì øàõìàòàì "]
[Site "Ðûáèíñê"]
[Date "2012.08.10"]
[Round "9.153"]
[White "Ãèíîñÿí Ðàçìèê"]
[Black "Õîðñóí Âñåâîëîä"]
[Result "0-1"]
[WhiteElo "1976"]
[BlackElo "1882"]
[Annotator ""]
[Source ""]
[Remark ""]

1.f4 d5 2.Nf3 Nf6 3.g3 Bf5 4.Bg2 e6 5.O-O h6 6.d3 Be7 7.c3 O-O
8.h3 c5 9.Nbd2 Nc6 10.Re1 Bh7 11.Qb3 Qc7 12.e4 dxe4 13.dxe4 Rad8
14.e5 Nd5 15.Nc4 Na5 16.Nxa5 Qxa5 17.Bd2 Qc7 18.c4 Nb4 19.Bxb4
cxb4 20.Rad1 Bc5+ 21.Kh2 a5 22.Qa4 Bf2 23.Rxd8 Rxd8 24.Rf1 Bb6
25.Rc1 Qc5 26.b3 Be4 27.Nh4 Rd2 28.Qe8+ Kh7 29.Qxf7 Rxg2+ 0-1

[Event "Êîìàíäíîå ïåð-âî ÐÔ 2012 ã. ïî êëàññè÷åñêèì øàõìàòàì "]
[Site "Ðûáèíñê"]
[Date "2012.08.10"]
[Round "9.154"]
[White "Âëàñîâà Äàðüÿ"]
[Black "Ìèêàèëîâà Ìèëàíà"]
[Result "1-0"]
[WhiteElo "1878"]
[BlackElo "1753"]
[Annotator ""]
[Source ""]
[Remark ""]

1.d4 Nf6 2.c4 d6 3.Nc3 e5 4.Nf3 Nbd7 5.e4 c6 6.Be2 Be7 7.O-O
O-O 8.Re1 a6 9.a3 b5 10.Bf1 Re8 11.b3 Bf8 12.Bb2 g6 13.Qc2 Bg7
14.Rad1 Qb6 15.b4 exd4 16.Nxd4 Ne5 17.cxb5 cxb5 18.Qb3 Bb7 19.a4
bxa4 20.Nxa4 Qc7 21.f3 d5 22.f4 Nc4 23.e5 Nxb2 24.Nxb2 Ne4 25.Re2
f6 26.Rxe4 1-0

[Event "Êîìàíäíîå ïåð-âî ÐÔ 2012 ã. ïî êëàññè÷åñêèì øàõìàòàì "]
[Site "Ðûáèíñê"]
[Date "2012.08.10"]
[Round "9.161"]
[White "Ñïèðèäîíîâ Åâãåíèé"]
[Black "Àâàêÿí Àðìåí"]
[Result "0-1"]
[WhiteElo "1911"]
[BlackElo "1815"]
[Annotator ""]
[Source ""]
[Remark ""]

1.d4 Nf6 2.c4 e6 3.Nc3 d5 4.Nf3 Be7 5.e3 O-O 6.Bd3 Nbd7 7.c5
c6 8.b4 Qc7 9.a4 e5 10.Be2 e4 11.Nd2 Ne8 12.O-O f5 13.Qb3 Rf6
14.h3 Rh6 15.b5 Ndf6 16.a5 Ng4 17.Bxg4 fxg4 18.h4 Bxh4 19.b6
Qh2+ 0-1